Biblioteca

Moralidades posmodernas / Jean François Lyotard ; Agustín Izquierdo, Traductor (Registro nro. 32167)

Detalles MARC
000 -LÍDER
Campo fijo de descripción fija 010800000a22002290004500
020 ## - NÚMERO INTERNACIONAL NORMALIZADO PARA LIBROS
Número Internacional Normalizado del libro 84-309-2817-0
041 0# - CÓDIGO DE IDIOMA
Código de idioma para texto/pista de sonido o título separado
082 04 - NÚMERO DE CLASIFICACIÓN DECIMAL DEWEY
Número de clasificación G 190 L9919m
001 - NÚMERO DE CONTROL
Campo de control 693
100 1# - ASIENTO PRINCIPAL--NOMBRE PERSONAL
Nombre personal Lyotard, Jean François
245 10 - TÍTULO
Título del Material Moralidades posmodernas / Jean François Lyotard ; Agustín Izquierdo, Traductor
250 ## - MENCIÓN DE EDICIÓN
Mención de edición 2
260 ## - PUBLICACIÓN, DISTRIBUCIÓN, ETC. (PIE DE IMPRENTA)
Lugar de publicación, distribución, etc. Juan Ignacio Luca de Tena, Madrid, España : Tecnos
300 ## - DESCRIPCIÓN FÍSICA
Extensión 179 Pág.
336 ## - CONTENT TYPE
Content type term texto
Content type code txt
Source rdacontent
337 ## - MEDIA TYPE
Source rdamedia
Media type term sin mediación
Media type code n
338 ## - CARRIER TYPE
Source rdacarrier
Carrier type term volumen
Carrier type code nc
500 ## - NOTA GENERAL
Nota General Título original : Moralités postmodernes
505 00 - NOTA DE CONTENIDO
Nota de contenido con formato preestablecido verborreas-- Marie en Japón -- Zona -- paradoja sobre el grafista-- ¿interesante? -- fantasía del sistema-- muro golfo, sistema -- una fábula posmoderna -- "la tierra no tiene senderos por si misma" -- encubrimientos -- línea general -- un extraño compañero -- directions to servants -- monumentos de posibles -- criptas -- sin saberlo -- íntimo es el terror -- música, mútica -- anima ,mínima
650 14 - ASIENTO SECUNDARIO DE MATERIA - TERMINO TEMÁTICO
Término temático o nombre geográfico como elemento de entrada ETICA MODERNA - SIGLO XX \ POSTMODERNISMO
942 ## - TIPO DE MATERIAL (KOHA)
Tipo de Item KOHA Libros General
Existencias
Estado de Material Estado de Perdido Estado de Dañado No para Préstamo Colección Tomo Biblioteca de Origen Biblioteca Permanente Fecha de Adquisición Total de Préstamos Signatura Topográfica Código de Barras Última vez visto Ejemplar/Existencia Fecha de Remplazo Tipo de Material
        Colección General   Biblioteca FUSBC Biblioteca FUSBC 22/09/2004   G 190 L9919m 28783 17/09/2021 1 26/01/2016 Libros General
        Colección General   Biblioteca FUSBC Biblioteca FUSBC 22/09/2004   G 190 L9919m 28784 12/12/2019 2 26/01/2016 Libros General

Biblioteca FUSBC | Teléfono: (57+4) 349 88 10 Ext. 141| WhatsApp (+57) 3005338115 
E-mail: biblioteca@unisbc.edu.co | Calle 76 87-14 Robledo Palenque, Medellín, Colombia

Con tecnología Koha